01869nam a2200445 a 4500001001200000003000800012006001900020007001500039008004100054010001700095020003800112020003500150040002100185035002100206043001200227050002300239082002200262100002100284245009400305260007300399300001600472490004100488490003800529500003700567500005900604504005200663533015200715650006500867650006200932650002700994650003301021655002901054700002401083710007501107710001701182830004201199830003901241856012601280999001701406ebr10240742CaPaEBRm u cr cn|||||||||080414s2008 cau sb 000 0 eng  z 2008016587 z9780833044754 (pbk. : alk. paper) z0833044753 (pbk. : alk. paper) aCaPaEBRcCaPaEBR a(OCoLC)427509669 an-us---14aU241b.M333 2008eb04a355.02/1809732221 aMackinlay, John.10aRethinking counterinsurgencyh[electronic resource] /cJohn Mackinlay, Alison Al-Baddawy. aSanta Monica, CA :bRand National Defense Research Institute,c2008. axiii, 65 p.1 aRand counterinsurgency study ;vv. 51 aRand Corporation monograph series a"MG-595/5-OSD"--P. [4] of cover. a"Prepared for the Office of the Secretary of Defense." aIncludes bibliographical references (p. 63-65). aElectronic reproduction.bPalo Alto, Calif. :cebrary,d2013.nAvailable via World Wide Web.nAccess may be limited to ebrary affiliated libraries. 0aCounterinsurgencyxTechnological innovationszUnited States. 0aInformation technologyxGovernment policyzUnited States. 0aMilitary intelligence. 0aWar on Terrorism, 2001-2009. 7aElectronic books.2local1 aAl-Baddawy, Alison.1 aUnited States.bDept. of Defense.bOffice of the Secretary of Defense.2 aebrary, Inc. 0aRand counterinsurgency study ;vv. 5. 0aRand Corporation monograph series.40uhttp://site.ebrary.com/lib/rucke/Doc?id=10240742zAn electronic book accessible through the World Wide Web; click to view c36587d36587